<?xml version="1.0" encoding="UTF-8"?>
<record
    xmlns:xsi="http://www.w3.org/2001/XMLSchema-instance"
    xsi:schemaLocation="http://www.loc.gov/MARC21/slim http://www.loc.gov/standards/marcxml/schema/MARC21slim.xsd"
    xmlns="http://www.loc.gov/MARC21/slim">

  <leader>01463nam a22002417a 4500</leader>
  <controlfield tag="005">20221230095223.0</controlfield>
  <controlfield tag="008">221230b           ||||| |||| 00| 0 eng d</controlfield>
  <datafield tag="020" ind1=" " ind2=" ">
    <subfield code="a">9788175994478</subfield>
  </datafield>
  <datafield tag="040" ind1=" " ind2=" ">
    <subfield code="c">AL</subfield>
  </datafield>
  <datafield tag="041" ind1=" " ind2=" ">
    <subfield code="a">English</subfield>
  </datafield>
  <datafield tag="082" ind1=" " ind2=" ">
    <subfield code="2">23</subfield>
    <subfield code="a">306.362092</subfield>
    <subfield code="b">NORT</subfield>
  </datafield>
  <datafield tag="100" ind1=" " ind2=" ">
    <subfield code="a">Solomon Northup</subfield>
    <subfield code="9">67955</subfield>
  </datafield>
  <datafield tag="245" ind1=" " ind2=" ">
    <subfield code="a">Twelve Years A Slave : A True Story </subfield>
  </datafield>
  <datafield tag="260" ind1=" " ind2=" ">
    <subfield code="a">New Delhi</subfield>
    <subfield code="b">Finger Print Classics</subfield>
    <subfield code="c">2022</subfield>
  </datafield>
  <datafield tag="300" ind1=" " ind2=" ">
    <subfield code="a">255 p.</subfield>
    <subfield code="b">PB</subfield>
    <subfield code="c">19.5x12.5 cm.</subfield>
  </datafield>
  <datafield tag="365" ind1=" " ind2=" ">
    <subfield code="a">VBI-1675</subfield>
    <subfield code="b">&#x20B9;149.00</subfield>
    <subfield code="c">&#x20B9;</subfield>
    <subfield code="d">&#x20B9;199.00</subfield>
    <subfield code="e">25%</subfield>
    <subfield code="f">19-12-2022</subfield>
  </datafield>
  <datafield tag="520" ind1=" " ind2=" ">
    <subfield code="a">AND WHAT DIFFERENCE IS THERE IN THE COLOUR OF THE SOUL? A hardworking farmer and an exceptional fiddler, Solomon Northup is born a free man of colour. He lives happily with his wife and children in Saratoga County, New York, until the day an employment offer at a circus changes his life. Tricked, drugged, and kidnapped, Northup gets sold as a slave. And for the twelve years that follow, he lives in bondage under different masters . . . A heart-rending memoir chronicling his fight for survival and freedom, Northup&#x2019;s Twelve Years A Slave is one of the best slave narratives ever written. It was adapted into a historical drama film of the same name in 2013, which went on to win the Golden Globe Award for Best Motion Picture &#x2013; Drama.</subfield>
  </datafield>
  <datafield tag="650" ind1=" " ind2=" ">
    <subfield code="a">Louisiana</subfield>
    <subfield code="9">67951</subfield>
  </datafield>
  <datafield tag="650" ind1=" " ind2=" ">
    <subfield code="a">Plantation life</subfield>
    <subfield code="9">67952</subfield>
  </datafield>
  <datafield tag="650" ind1=" " ind2=" ">
    <subfield code="a">Slaves -- United States -- Biography</subfield>
    <subfield code="9">67953</subfield>
  </datafield>
  <datafield tag="700" ind1=" " ind2=" ">
    <subfield code="a">NORTHUP (Solomon)</subfield>
    <subfield code="9">67954</subfield>
  </datafield>
  <datafield tag="942" ind1=" " ind2=" ">
    <subfield code="2">ddc</subfield>
    <subfield code="c">BK</subfield>
  </datafield>
  <datafield tag="999" ind1=" " ind2=" ">
    <subfield code="c">226122</subfield>
    <subfield code="d">226122</subfield>
  </datafield>
  <datafield tag="952" ind1=" " ind2=" ">
    <subfield code="0">0</subfield>
    <subfield code="1">0</subfield>
    <subfield code="2">ddc</subfield>
    <subfield code="4">0</subfield>
    <subfield code="7">0</subfield>
    <subfield code="8">GEN</subfield>
    <subfield code="a">AL</subfield>
    <subfield code="b">AL</subfield>
    <subfield code="d">2022-12-27</subfield>
    <subfield code="e">Vidyarthi Books Bengaluru 560076</subfield>
    <subfield code="g">149.00</subfield>
    <subfield code="l">0</subfield>
    <subfield code="o">306.362092 NORT</subfield>
    <subfield code="p">076309</subfield>
    <subfield code="r">2022-12-30 00:00:00</subfield>
    <subfield code="v">199.00</subfield>
    <subfield code="y">BK</subfield>
  </datafield>
</record>
